Storia dei tempi del Nuovo Testamento: Giudaismo e Paganesimo al tempo de N. S. Gesu Chrsto e degli Apostoli
Saved in:
| Hovedforfatter: | |
|---|---|
| Format: | Bog |
| Sprog: | italiensk |
| Udgivet: |
Turín
Libreria Editrice Internazionale
1913
|
| Udgivelse: | 1a. ed |
| Serier: | Studi Superiori
|
| Fag: | |
| Tags: |
Tilføj Tag
Ingen Tags, Vær først til at tagge denne postø!
|
MARC
| LEADER | 00000cam a2200000 a 4500 | ||
|---|---|---|---|
| 001 | UCD2651 | ||
| 003 | CL-VaPUC | ||
| 008 | 160505e19130000it |||||||||||||||||ita|d | ||
| 082 | 0 | 4 | |a 225.9 |b FEL |2 21 |
| 100 | 0 | |a Felten, Giuseppe |e author |9 586000 | |
| 245 | 1 | 0 | |a Storia dei tempi del Nuovo Testamento: Giudaismo e Paganesimo al tempo de N. S. Gesu Chrsto e degli Apostoli |
| 250 | |a 1a. ed | ||
| 300 | |a v | ||
| 942 | |c BK | ||
| 945 | |d 20160505 16:04:00 |a dcastane | ||
| 260 | |a Turín |b Libreria Editrice Internazionale |c 1913 | ||
| 650 | 0 | |a Biblia |9 257603 | |
| 650 | 0 | |a Nuevo testamento |9 257604 | |
| 650 | 0 | |a Apóstoles |9 444286 | |
| 650 | 0 | |a Judaísmo |9 269348 | |
| 650 | 0 | |a Paganismo |9 316776 | |
| 583 | |a last modification |c 20160505 16:04:00 |k Rodrigo Vera | ||
| 490 | 0 | |a Studi Superiori | |
| 999 | |c 363773 |d 363771 | ||
| 952 | |0 0 |1 0 |3 erd |4 0 |6 225_900000000000000_FEL_1913 |7 0 |8 X |9 476473 |a BIBTEO |b BIBTEO |c TEO_FFR |h v.1 |i 5229634 |o 225.9 FEL 1913 |p 5229634 |r 2024-01-18 |w 2019-11-24 |y BK_X |z Catalogado en:20160505 |k OFM | ||
| 952 | |0 0 |1 0 |3 erd |4 0 |6 225_900000000000000_FEL_1913 |7 0 |8 X |9 476474 |a BIBTEO |b BIBTEO |c TEO_FFR |h v.2 |i 5229642 |o 225.9 FEL 1913 |p 5229642 |r 2024-01-18 |w 2019-11-24 |y BK_X |z Catalogado en:20160505 |k OFM | ||
| 952 | |0 0 |1 0 |3 erd |4 0 |6 225_900000000000000_FEL_1913 |7 0 |8 X |9 476475 |a BIBTEO |b BIBTEO |c TEO_FFR |h v.3 |i 5229650 |o 225.9 FEL 1913 |p 5229650 |r 2024-01-18 |w 2019-11-24 |y BK_X |z Catalogado en:20160505 |k OFM | ||
| 952 | |0 0 |1 0 |3 erd |4 0 |6 225_900000000000000_FEL_1913 |7 0 |8 X |9 476476 |a BIBTEO |b BIBTEO |c TEO_FFR |h v.4 |i 5229669 |o 225.9 FEL 1913 |p 5229669 |r 2024-01-18 |w 2019-11-24 |y BK_X |z Catalogado en:20160505 |k OFM | ||